Bezpečnosť komunikácie v lokálnej sieti

Guardado en:
Detalles Bibliográficos
Autor principal: Baranovský, Branislav, 1978- (Autor)
Otros Autores: Dado, Boris (Orientador)
Formato: Manuscrito Libro
Lenguaje:eslovaco
Publicado: Bratislava : STU v Bratislave FEI, 2001
Materias:
Etiquetas: Agregar Etiqueta
Sin Etiquetas, Sea el primero en etiquetar este registro!

MARC

LEADER 00000ntm a22000003a 4500
001 stu73529
005 20160719164800.8
008 020131s2001------------------------slo-d
040 |a STU  |b slo 
041 0 |a slo 
100 1 |a Baranovský, Branislav,  |d 1978-  |4 aut  |X 71201  |7 A000071201 
245 1 |a Bezpečnosť komunikácie v lokálnej sieti 
260 |a Bratislava :  |b STU v Bratislave FEI,  |c 2001 
300 |a 100 s 
650 7 |a informatika  |2 stusub 
700 1 |a Dado, Boris  |4 ths  |u E220  |U FEI Fakulta elektrotechniky a informatiky  |T FEI Katedra informatiky a výpočtovej techniky  |U E220  |Y 69 
996 |b EDIPL-6816  |c I*DIPL-6816  |l II680  |s A  |a 24  |w stu73529_0001